US State and Canadian Provinces - Statistics

General Stats
  • This quiz has been taken 11 times
  • The average score is 10 of 26
Answer Stats
Hint Answer % Correct
An Island Hawaii
88%
Largest in the Country Alaska
75%
Most Rectangular Colorado
75%
An Island Prince Edward Island
75%
Most Eastern Maine
63%
Largest in the Country Nunavut
63%
Contains Lake Huron Michigan
50%
First Settlement by Europeans Newfoundland
50%
Most Eastern Newfoundland and Labrador
50%
Contains Lake Huron Ontario
50%
Highest % Franco-Americans Quebec
50%
Smallest non-island Rhode Island
50%
Most Rectangular Saskatchewan
50%
First Settlementby Europeans Virginia
50%
Province / State with most Polar Bears Alaska
38%
Largest Rodeos Alberta
38%
Smallest non-island Nova Scotia
38%
Province / State with most Polar Bears Manitoba
25%
Highest Waterfall British Colombia
13%
Highest Mainland Point California
13%
Highest % Franco-Americans Maine
13%
Largest Rodeos Wyoming
13%
Mainland and Bilingual News Brunswick
0%
Mainland and Bilingual South Dakota
0%
Highest Waterfall Washington
0%
Highest Mainland Point Yukon
0%
No matching quizzes found
Score Distribution
Percent of People with Each Score
Percentile by Number Answered
Your Score History
You have not taken this quiz